| 000 | 00722nam a2200241 a 4500 | ||
|---|---|---|---|
| 001 | 59546 | ||
| 003 | BD-RjUL | ||
| 005 | 20211209080738.0 | ||
| 008 | 161226s19611904enk 001 0 eng d | ||
| 035 | _a(BD-RjUL)59670 | ||
| 040 |
_aBD-RjUL _beng _cBD-RjUL _dBD-RjUL |
||
| 041 | _aeng | ||
| 082 |
_223 _a330.153 _bSMI 1961 |
||
| 100 | 1 |
_aSmith, Adam, _d1723-1790. _9177112 |
|
| 245 | 1 | 3 |
_aAn Inquiry into the nature and causes of the wealth of nations / _cAdam Smith |
| 260 |
_aLondon : _cc1904 [reprinted 1961] _bMethuen & Co LTD. |
||
| 300 |
_a v. _c22 cm. |
||
| 500 | _aIncludes index | ||
| 505 | _a Vol. 1 -- V. 2 -- | ||
| 600 |
_aSmith, Adam _xEconomics _9179860 |
||
| 650 |
_aEconomics _9170576 |
||
| 942 |
_2ddc _cBK |
||
| 999 |
_c59546 _d59546 |
||